000 00395pab a2200145 454500
008 180718b1987 xxu||||| |||| 00| 0 eng d
100 _aMishra, Girish
245 _aRehabilitation of Chayanov and the agrarian question in USSR
260 _c1987
300 _a14-16
362 _a3 Oct.
650 _aChayanov, Alexander V. - Criticism And Interpretation
773 _aCommerce
909 _a5209
999 _c5209
_d5209